| 000 | 01328nam a2200289Ia 4500 | ||
|---|---|---|---|
| 001 | ebr10146769 | ||
| 003 | CaPaEBR | ||
| 006 | m u | ||
| 007 | cr cn||||||||| | ||
| 008 | 060927s2006 dcu s u000 0 eng d | ||
| 020 | _z0309103290 | ||
| 020 | _z9780309103299 | ||
| 024 | 3 | _z9780309103299 | |
| 040 |
_aCaPaEBR _cCaPaEBR |
||
| 035 | _a(OCoLC)298790466 | ||
| 050 | 1 | 4 |
_aQB582.5 _b.S39 2006eb |
| 245 | 0 | 0 |
_aScientific context for exploration of the moon _h[electronic resource] : _binterim report / _cCommittee on the Scientific Context for Exploration of the Moon, Space Studies Board, Division on Engineering and Physical Sciences, National Research Council. |
| 260 |
_aWashington, D.C. : _bNational Academies Press, _cc2006. |
||
| 300 | _axi, 38 p. | ||
| 533 |
_aElectronic reproduction. _bPalo Alto, Calif. : _cebrary, _d2009. _nAvailable via World Wide Web. _nAccess may be limited to ebrary affiliated libraries. |
||
| 650 | 0 | _aSpace flight to the moon. | |
| 651 | 0 |
_aMoon _xExploration. |
|
| 655 | 7 |
_aElectronic books. _2local |
|
| 710 | 2 |
_aNational Research Council (U.S.). _bCommittee on the Scientific Context for Exploration of the Moon. |
|
| 710 | 2 | _aebrary, Inc. | |
| 856 | 4 | 0 |
_uhttp://site.ebrary.com/lib/rucke/Doc?id=10146769 _zAn electronic book accessible through the World Wide Web; click to view |
| 999 |
_c88097 _d88097 |
||